Estatísticas para Cultura Geral

Clique aqui para jogar o quiz

Estatísticas Gerais

  • Esse quiz foi jogado 18 vezes
  • A pontuação média é 4 de 15

Estatísticas das Respostas

HintResposta% Correto
Quanto é 128+460?588
100%
A que país pertence a marca de cerveja Dortmunder?Alemanha
88%
Que banda fez uma colaboração com o Chris Martin na música "My Universe"?BTS
31%
Em que estado dos EUA podemos encontrar a cidade de Columbus?Ohio
31%
De que país Frittatensuppe é um prato nacional?Áustria
25%
Em que estado dos EUA podemos encontrar a cidade de Savannah?Geórgia
25%
Em que estado dos EUA podemos encontrar a cidade Pittsburgh?Pensilvânia
25%
Em que estado dos EUA podemos encontrar a cidade de Rochester?Nova York
19%
Em que estado dos EUA podemos encontrar a cidade de Milwaukee?Wisconsin
19%
O que é uma Helles?Cerveja
13%
O que é uma Gelbwurst?Salsicha
13%
Quem canta a música "Hold My Hand"?Lady Gaga
6%
O que é uma Kaszanka?Morcela
6%
O que é um Kerststol?Pão
6%
O que é um Killepitsch?Licor
0%

Distribuição das Pontuações

Percentil de Números Respondidos

Porcentagem de Pessoas com Cada Pontuação

Sua Pontuação Histórica

Você não jogou esse quiz